00935 a2200145 4500003000500000005001700005040000900022082001400031100001900045245004100064260003800105300001200143505060500155538002900760Nust20170207154112.0 cNust a357.17182 aJohn Humphries aRockets and missilescJohn Humphries aLondonbErnest benn limitedc1957 a231,p.; aIntroduction and History (Page-17) Solid Propellant Rocket Motors (Page-26)Liquid Propellants (Page-40) Liquid Propellant Motors – Components (Page-59) Liquid Propellant Motor – Units (page-78) Testing Motors and Liquid Propellants (page-100) Missiles – General and Guidance (Page-112) Missiles – Aerodynamics (page-126) Short-Range Aerodynamic Missiles (Page-133) Long – Range Ballistic Missiles (page-141) Research Missiles and Missile Testing (Page-153) Aircraft Propulsion (page-163) Miscellaneous Rocket Application (Page-178) The Future – Nuclear Energy Space Flight (Page-190)  aAlmirah No.54 Shelf No.5